LIBRARY & INFORMATION CENTRE, KCAET, TAVANUR

ONLINE PUBLIC ACCESS CATALOGUE (OPAC)

Numerical methods for mathematics, science and engineering / (Record no. 9503)

MARC details
000 -LEADER
fixed length control field 00629cam a2200229ua 4500
020 ## - INTERNATIONAL STANDARD BOOK NUMBER
ISBN 81 203 0845 x
041 ## - LANGUAGE CODE
Language code of text/sound track or separate title eng
082 ## - DEWEY DECIMAL CLASSIFICATION NUMBER
Classification number 519.4
Item number MAT/NU
100 ## - MAIN ENTRY--AUTHOR NAME
Personal name Mathews, John H .
245 ## - TITLE STATEMENT
Title Numerical methods for mathematics, science and engineering /
250 ## - EDITION STATEMENT
Edition statement 2 /
260 ## - PUBLICATION, DISTRIBUTION, ETC. (IMPRINT)
Place of publication New Delhi :
Name of publisher Prentice Hall of India Pvt Ltd. ,
Year of publication 1994.
300 ## - PHYSICAL DESCRIPTION
Number of Pages 646 ; .
500 ## - GENERAL NOTE
General note 18940, 18941, 18942 CSS
942 ## - ADDED ENTRY ELEMENTS (KOHA)
Koha item type Books
Holdings
Withdrawn status Lost status Damaged status Home library Current library Date acquired Full call number Accession Number Koha item type
      KAUAET KAUAET 07/04/2012 519.4 19102 Books
      KAUAET KAUAET 07/04/2012 519.4 18942 Books
      KAUAET KAUAET 07/04/2012 519.4 18941 Books
      KAUAET KAUAET 07/04/2012 519.4 18940 Books
free website counter